[Event "Kolding SonFlow Cup-B"]
[Site "Kolding"]
[Date "2022.04.29"]
[Round "1"]
[White "Ramsdal, Jens Albert"]
[Black "Rasmussen, Henning"]
[Result "1-0"]
[WhiteElo "2278"]
[BlackElo "2161"]
[PlyCount "67"]
[EventDate "2022.04.29"]
[EventType "tourn"]
[EventRounds "5"]
[EventCountry "DEN"]
[SourceTitle "CBM 208 Extra"]
[Source "ChessBase"]
[SourceDate "2022.07.31"]
[SourceVersion "1"]
[SourceVersionDate "2022.07.31"]
[SourceQuality "1"]

1. e4 c6 2. d4 d5 3. e5 Bf5 4. h4 c5 5. dxc5 Nc6 6. Nf3 Bg4 7. a3 e6 8. b4 a5 9. c3 axb4 10. cxb4 Nh6 11. Bb2 Be7 12. Nbd2 0-0 13. Bd3 f5 14. Qc2 Bh5 15. Nd4 Qd7 16. Nxc6 Qxc6 17. Nb3 d4 18. f3 f4 19. Nxd4 Qd5 20. Bxh7+ Kh8 21. Be4 Qxe5 22. Nc6 Qc7 23. Be5 Qd7 24. Rd1 Qxd1+ 25. Qxd1 bxc6 26. Qa1 Nf5 27. Bxf5 Rxf5 28. a4 Rd8 29. a5 Rd3 30. 0-0 Bxh4 31. a6 Rd2 32. a7 Rg5 33. a8Q+ Kh7 34. g4 1-0

[Event "DEN-chT 2122 59th"]
[Site "Denmark"]
[Date "2022.02.27"]
[Round "7.5"]
[White "Rasmussen, Henning"]
[Black "Brondt, Nicolai Kvist"]
[Result "0-1"]
[WhiteElo "2155"]
[BlackElo "2217"]
[PlyCount "80"]
[EventDate "2021.10.30"]
[EventType "team-tourn"]
[EventRounds "9"]
[EventCountry "DEN"]
[SourceTitle "EXT 2023"]
[Source "ChessBase"]
[SourceDate "2022.10.05"]
[SourceVersion "1"]
[SourceVersionDate "2022.10.05"]
[SourceQuality "1"]
[WhiteTeam "Jetsmark"]
[BlackTeam "Skanderborg Nordea"]
[WhiteTeamCountry "DEN"]
[BlackTeamCountry "DEN"]

1. d4 Nf6 2. c4 c6 3. Nf3 d5 4. e3 e6 5. Nbd2 c5 6. a3 cxd4 7. exd4 Be7 8. c5 a5 9. Ne5 0-0 10. Bb5 Bd7 11. Nxd7 Nbxd7 12. f4 Ne4 13. Qa4 Ndf6 14. Nf3 Qc7 15. Ne5 Rac8 16. Be3 h5 17. Qd1 b6 18. c6 Nd6 19. Ba6 Ra8 20. Be2 Nf5 21. Bf2 g6 22. Rc1 Kg7 23. Qd3 Ne4 24. g3 Rfd8 25. h3 f6 26. g4 Nfd6 27. gxh5 fxe5 28. Rg1 Nf5 29. Rxg6+ Kf7 30. Bg4 Nxf2 31. Kxf2 e4 32. Qc3 Qxf4+ 33. Kg1 Bd6 34. Rc2 e3 35. Bxf5 Qxf5 36. Qxe3 Bf4 37. Qe2 Rg8 38. Rg4 Rxg4+ 39. hxg4 Rg8 40. Kh1 Rxg4 0-1

[Event "DEN-chT 2122 59th"]
[Site "Denmark"]
[Date "2022.01.30"]
[Round "6.7"]
[White "Rasmussen, Henning"]
[Black "Lauridsen, Jesper Morch"]
[Result "1/2-1/2"]
[WhiteElo "2155"]
[BlackElo "2208"]
[PlyCount "34"]
[EventDate "2021.10.30"]
[EventType "team-tourn"]
[EventRounds "9"]
[EventCountry "DEN"]
[SourceTitle "EXT 2024"]
[Source "ChessBase"]
[SourceDate "2023.10.10"]
[SourceVersion "1"]
[SourceVersionDate "2023.10.10"]
[SourceQuality "1"]
[WhiteTeam "Jetsmark"]
[BlackTeam "Copenhagen 68"]
[WhiteTeamCountry "DEN"]
[BlackTeamCountry "DEN"]

1. d4 Nf6 2. Nf3 g6 3. Nbd2 Bg7 4. e4 d6 5. Bd3 0-0 6. 0-0 Nbd7 7. Re1 e6 8. Nf1 c5 9. c3 cxd4 10. cxd4 e5 11. dxe5 Nxe5 12. Nxe5 dxe5 13. Be3 Qe7 14. f3 Be6 15. Qe2 Nh5 16. g3 b6 17. Bc4 Bxc4 1/2-1/2

[Event "DEN-chT 1819 57th"]
[Site "Denmark"]
[Date "2019.03.16"]
[Round "8.3"]
[White "Rasmussen, Henning"]
[Black "Svenninggaard, Thomas"]
[Result "1-0"]
[WhiteElo "2165"]
[BlackElo "2163"]
[PlyCount "83"]
[EventDate "2018.10.27"]
[EventType "team-tourn"]
[EventRounds "9"]
[EventCountry "DEN"]
[SourceTitle "CBM 189 Extra"]
[Source "ChessBase"]
[SourceDate "2019.06.03"]
[SourceVersion "1"]
[SourceVersionDate "2019.06.03"]
[SourceQuality "1"]
[WhiteTeam "Jetsmark"]
[BlackTeam "Hillerod"]
[WhiteTeamCountry "DEN"]
[BlackTeamCountry "DEN"]

1. d4 g6 2. e4 Bg7 3. Nc3 d6 4. Be3 c6 5. Nf3 Nf6 6. h3 0-0 7. Bd3 b5 8. 0-0 Bb7 9. a3 a5 10. e5 dxe5 11. Nxe5 Nbd7 12. f4 Nb6 13. Qf3 Qc7 14. Ne4 Nxe4 15. Bxe4 Nc4 16. Nxc4 bxc4 17. f5 Qb6 18. c3 Qb5 19. a4 Qa6 20. Rae1 Rae8 21. g4 Ba8 22. g5 Qb7 23. Rf2 f6 24. fxg6 f5 25. gxh7+ Kh8 26. Bb1 Qb3 27. Bf4 c5 28. d5 e5 29. Rfe2 e4 30. Qe3 Bxd5 31. Qxc5 Bf7 32. Bd6 Rc8 33. Qxa5 Rfd8 34. Be5 Rd5 35. Bxg7+ Kxg7 36. Qa6 Rc7 37. Qh6+ Kh8 38. Qf6+ Kxh7 39. Rxe4 fxe4 40. Bxe4+ Kg8 41. Bxd5 Qxa4 42. Qd8+ 1-0

[Event "DEN-chT 1819 57th"]
[Site "Denmark"]
[Date "2019.01.12"]
[Round "5.5"]
[White "Rasmussen, Henning"]
[Black "Zude, Erik"]
[Result "0-1"]
[WhiteElo "2165"]
[BlackElo "2403"]
[PlyCount "222"]
[EventDate "2018.10.27"]
[EventType "team-tourn"]
[EventRounds "9"]
[EventCountry "DEN"]
[SourceTitle "CBM 188 Extra"]
[Source "ChessBase"]
[SourceDate "2019.02.26"]
[SourceVersion "1"]
[SourceVersionDate "2019.02.26"]
[SourceQuality "1"]
[WhiteTeam "Jetsmark"]
[BlackTeam "Koge Xtracon"]
[WhiteTeamCountry "DEN"]
[BlackTeamCountry "DEN"]

1. d4 Nf6 2. Nf3 g6 3. Nbd2 d5 4. e3 Bg7 5. Bd3 0-0 6. 0-0 c5 7. dxc5 Nbd7 8. b4 Ne4 9. Bxe4 Bxa1 10. Bxd5 Bc3 11. Ne4 Bg7 12. Nfg5 e6 13. Nxe6 fxe6 14. Bxe6+ Kh8 15. Nd6 Qe7 16. Bh3 Nb6 17. Nxc8 Nxc8 18. g3 a5 19. a3 axb4 20. axb4 Na7 21. Bg2 Nc6 22. b5 Rad8 23. Qg4 Na7 24. Qa4 Ra8 25. Qb4 Rfc8 26. Bb2 Qxc5 27. Bxg7+ Kxg7 28. Qb2+ Qc3 29. Qxc3+ Rxc3 30. Ra1 Rd8 31. Rxa7 Rd1+ 32. Bf1 Rxc2 33. Rxb7+ Kf6 34. Kg2 Rdd2 35. Rxh7 Rxf2+ 36. Kg1 Rf3 37. Bd3 Rc1+ 38. Kg2 Rxe3 39. Rd7 Rd1 40. Bf5 Re2+ 41. Kh3 Rh1 42. Bd3 Rhxh2+ 43. Kg4 Re6 44. Rd4 Rb2 45. Bc4 Re5 46. Rf4+ Kg7 47. Rf7+ Kh6 48. Rf4 Re3 49. Kh3 Rc3 50. Bf1 Kg7 51. Rc4 Rf3 52. Bg2 Re3 53. Bc6 g5 54. Kg4 Kf6 55. Rd4 Rbb3 56. Rd6+ Ke7 57. Rd7+ Ke6 58. Kxg5 Rb4 59. Rd5 Rxg3+ 60. Kh5 Rc3 61. Rg5 Rd3 62. Bg2 Kf7 63. Rf5+ Kg7 64. Bf3 Rd6 65. Rg5+ Kh7 66. Rc5 Rf6 67. Rc7+ Kg8 68. Bd5+ Kf8 69. Kg5 Rf2 70. Bc6 Rb1 71. Rc8+ Ke7 72. Re8+ Kd6 73. Rd8+ Ke7 74. Rd4 Rf8 75. Re4+ Kd6 76. Rg4 Rb3 77. Rd4+ Kc5 78. Rd5+ Kb6 79. Kg4 Rb1 80. Kg3 Rg1+ 81. Kh2 Rg7 82. Rh5 Rf2+ 83. Kh3 Rf4 84. Rh6 Kc5 85. Rh5+ Kb6 86. Rh6 Rb4 87. Be8+ Kc5 88. Rc6+ Kd5 89. Rc2 Ke5 90. Rf2 Rbg4 91. Re2+ Kd6 92. Rb2 R4g5 93. Rb4 Rg3+ 94. Kh2 Rg2+ 95. Kh1 Kc5 96. Rh4 Re2 97. Bc6 Ra7 98. Rh5+ Kd4 99. Bg2 Rg7 100. Bf1 Rf2 101. Bh3 Rb2 102. Bf1 Ke4 103. Rh8 Kf3 104. Rf8+ Kg3 105. Rf6 Rf2 106. Rxf2 Kxf2 107. Bh3 Rh7 108. Kh2 Rh6 109. b6 Rxb6 110. Be6 Rxe6 111. Kh1 Rh6# 0-1

[Event "EU-Cup 34th"]
[Site "Porto Carras"]
[Date "2018.10.12"]
[Round "1.4"]
[White "David, Alberto"]
[Black "Rasmussen, Henning"]
[Result "1-0"]
[WhiteElo "2561"]
[BlackElo "2165"]
[PlyCount "57"]
[EventDate "2018.10.12"]
[EventType "team-swiss"]
[EventRounds "7"]
[EventCountry "GRE"]
[SourceTitle "CBM 187"]
[Source "ChessBase"]
[SourceDate "2018.12.11"]
[SourceVersion "1"]
[SourceVersionDate "2018.12.11"]
[SourceQuality "1"]
[WhiteTeam "Padova Obiettivo"]
[BlackTeam "Jetsmark"]
[WhiteTeamCountry "ITA"]
[BlackTeamCountry "DEN"]

1. e4 c6 2. Nc3 d5 3. d4 dxe4 4. Nxe4 Nf6 5. Nxf6+ exf6 6. c3 Bf5 7. Qf3 Qd5 8. Qxd5 cxd5 9. Ne2 Nc6 10. Nf4 0-0-0 11. Be2 g5 12. Nh5 Be7 13. 0-0 Rdg8 14. Be3 Be6 15. f4 f5 16. fxg5 Bxg5 17. Bxg5 Rxg5 18. Rae1 Rhg8 19. Bf3 Ne7 20. Nf4 Kd7 21. Rf2 R5g6 22. Rfe2 Rc8 23. Bh5 Rc6 24. Nd3 Rf6 25. Bxf7 Bxf7 26. Rxe7+ Kc8 27. Nc5 Bg6 28. Rg7 Rf7 29. Re8+ 1-0

[Event "DEN-chT 1718 56th"]
[Site "Denmark"]
[Date "2018.02.11"]
[Round "7.7"]
[White "Pedersen, Jan Rode"]
[Black "Rasmussen, Henning"]
[Result "1-0"]
[WhiteElo "2172"]
[BlackElo "2152"]
[PlyCount "55"]
[EventDate "2017.11.18"]
[EventType "team-tourn"]
[EventRounds "9"]
[EventCountry "DEN"]
[SourceTitle "EXT 2019"]
[Source "ChessBase"]
[SourceDate "2018.10.10"]
[SourceVersion "1"]
[SourceVersionDate "2018.10.10"]
[SourceQuality "1"]
[WhiteTeam "Skanderborg Nordea"]
[BlackTeam "Jetsmark"]
[WhiteTeamCountry "DEN"]
[BlackTeamCountry "DEN"]

1. e4 c6 2. d4 d5 3. exd5 cxd5 4. c4 Nf6 5. Nc3 e6 6. Nf3 Be7 7. c5 b6 8. b4 Ne4 9. Qc2 Nxc3 10. Qxc3 0-0 11. Bd3 a5 12. a3 bxc5 13. bxc5 Nc6 14. Bf4 Ba6 15. 0-0 Re8 16. Rfe1 Bxd3 17. Qxd3 a4 18. Rab1 Qc8 19. Rb6 Na5 20. Reb1 Nc4 21. Rb7 Bd8 22. Ne5 Nxe5 23. Bxe5 Re7 24. Rb8 Rxb8 25. Rxb8 Qd7 26. Qa6 Re8 27. c6 Qe7 28. Qxa4 1-0

[Event "DEN-chT 1516 54th"]
[Site "Denmark"]
[Date "2016.03.06"]
[Round "9.4"]
[White "Hove, Esben Kjems"]
[Black "Rasmussen, Henning"]
[Result "0-1"]
[WhiteElo "2218"]
[BlackElo "2117"]
[PlyCount "70"]
[EventDate "2015.10.31"]
[EventType "team-tourn"]
[EventRounds "9"]
[EventCountry "DEN"]
[SourceTitle "EXT 2017"]
[Source "ChessBase"]
[SourceDate "2016.10.25"]
[SourceVersion "1"]
[SourceVersionDate "2016.10.25"]
[SourceQuality "1"]
[WhiteTeam "Nordkalotten"]
[BlackTeam "Jetsmark"]
[WhiteTeamCountry "DEN"]
[BlackTeamCountry "DEN"]

1. d4 d5 2. Bg5 Nf6 3. Bxf6 exf6 4. e3 Bd6 5. Bd3 Nd7 6. Qf3 c6 7. Nd2 0-0 8. Ne2 Re8 9. 0-0 g6 10. c4 dxc4 11. Nxc4 Bb8 12. Rad1 Nb6 13. e4 Be6 14. b3 Nxc4 15. bxc4 h5 16. Qe3 f5 17. e5 a6 18. Qc1 b5 19. cxb5 cxb5 20. Qb2 Ba7 21. Bc2 Bc4 22. Rfe1 Qg5 23. Bb3 Rac8 24. Bxc4 Rxc4 25. f4 Qd8 26. Kh1 h4 27. Rd3 Qa5 28. Qd2 b4 29. Rc1 Rxc1+ 30. Nxc1 Rc8 31. Nb3 Qd5 32. Qxb4 Qe4 33. Rd1 Rc2 34. Nd2 Qe2 35. Rg1 Qxd2 0-1

[Event "DEN-chT 1415 53rd"]
[Site "Denmark"]
[Date "2015.02.15"]
[Round "7.7"]
[White "Rasmussen, Henning"]
[Black "Jorgensen, Dennis"]
[Result "0-1"]
[WhiteElo "2122"]
[BlackElo "2243"]
[PlyCount "102"]
[EventDate "2014.10.25"]
[EventType "team-tourn"]
[EventRounds "9"]
[EventCountry "DEN"]
[SourceTitle "EXT 2016"]
[Source "ChessBase"]
[SourceDate "2015.10.08"]
[SourceVersion "1"]
[SourceVersionDate "2015.10.08"]
[SourceQuality "1"]
[WhiteTeam "Jetsmark"]
[BlackTeam "Obro"]
[WhiteTeamCountry "DEN"]
[BlackTeamCountry "DEN"]

1. d4 Nf6 2. c4 e6 3. Nc3 Bb4 4. e3 0-0 5. Nge2 Re8 6. a3 Bf8 7. Ng3 b6 8. Bd3 Bb7 9. 0-0 d5 10. cxd5 exd5 11. b4 Nbd7 12. Rb1 a6 13. a4 g6 14. f4 Ra7 15. b5 axb5 16. Nxb5 Ra8 17. f5 c6 18. Nc3 Ba6 19. Bxa6 Rxa6 20. fxg6 hxg6 21. Rf3 Bg7 22. Qc2 Re6 23. Bd2 Nf8 24. Rbf1 Ra7 25. Nd1 N8h7 26. Nf2 Qa8 27. Rb1 Ng5 28. Rf4 Rxa4 29. h4 Ra2 30. Rb2 Rxb2 31. Qxb2 Nge4 32. Nfxe4 dxe4 33. Qxb6 Nd5 34. Qb2 Nxf4 35. exf4 e3 36. Bc3 Qa4 37. Qb8+ Kh7 38. f5 gxf5 39. Nxf5 Qd1+ 40. Kh2 Qg4 41. Qb1 Rg6 42. g3 Qf3 43. Be1 Qe2+ 44. Kg1 Bf8 45. h5 Qxh5 46. Nh4 Qxh4 47. Qxg6+ Kxg6 48. gxh4 Kf5 49. Ba5 Ke4 50. Kf1 f5 51. h5 f4 0-1

[Event "DEN-chT 1314 52nd"]
[Site "Denmark"]
[Date "2013.12.08"]
[Round "3.8"]
[White "Rasmussen, Henning"]
[Black "Holmsgaard, Henrik"]
[Result "1/2-1/2"]
[WhiteElo "2166"]
[BlackElo "2297"]
[PlyCount "44"]
[EventDate "2013.11.02"]
[EventType "team-tourn"]
[EventRounds "9"]
[EventCountry "DEN"]
[SourceTitle "CBM 157 Extra"]
[Source "ChessBase"]
[SourceDate "2013.12.19"]
[SourceVersion "1"]
[SourceVersionDate "2013.12.19"]
[SourceQuality "1"]
[WhiteTeam "Jetsmark"]
[BlackTeam "Bronshoj"]
[WhiteTeamCountry "DEN"]
[BlackTeamCountry "DEN"]

1. d4 d5 2. Nc3 Bf5 3. f3 e6 4. e4 Bg6 5. h4 h6 6. h5 Bh7 7. Be3 Bb4 8. Bd3 Ne7 9. Nge2 0-0 10. e5 Bxd3 11. Qxd3 c5 12. a3 Bxc3+ 13. bxc3 Nbc6 14. f4 cxd4 15. cxd4 Qa5+ 16. Bd2 Qa4 17. Rb1 b6 18. g4 Qc4 19. Rh3 f6 20. exf6 Rxf6 21. Kd1 Qxd3 22. Rxd3 Nc8 1/2-1/2

[Event "EU-Cup 27th"]
[Site "Rogaska Slatina"]
[Date "2011.10.01"]
[Round "7"]
[White "Lundin, Jan"]
[Black "Rasmussen, Henning"]
[Result "1-0"]
[WhiteElo "2276"]
[BlackElo "2181"]
[PlyCount "153"]
[EventDate "2011.09.25"]
[EventType "team-swiss"]
[EventRounds "7"]
[EventCountry "SLO"]
[SourceTitle "CBM 145"]
[Source "ChessBase"]
[SourceDate "2011.11.11"]
[SourceVersion "1"]
[SourceVersionDate "2011.11.11"]
[SourceQuality "1"]
[WhiteTeam "Berlin SF"]
[BlackTeam "Jetsmark"]
[WhiteTeamCountry "GER"]
[BlackTeamCountry "DEN"]

1. e4 c6 2. d4 d5 3. Nd2 dxe4 4. Nxe4 Bf5 5. Ng3 Bg6 6. N1e2 Nf6 7. Nf4 e5 8. Nxg6 hxg6 9. Be3 Nbd7 10. Qd2 Nd5 11. Bc4 Nxe3 12. Qxe3 Qa5+ 13. c3 Be7 14. 0-0 f5 15. dxe5 Qxe5 16. Qf3 Qc5 17. Be6 Ne5 18. Qe2 Bf6 19. Rad1 Rd8 20. Rfe1 Rxd1 21. Qxd1 Ke7 22. Bb3 Rd8 23. Qe2 Kd7 24. Rd1+ Kc8 25. Rxd8+ Kxd8 26. h3 Kc7 27. Nf1 a5 28. Ne3 Qd6 29. Kf1 Qd3 30. f4 Qb1+ 31. Nd1 Nd7 32. a3 g5 33. Qd2 gxf4 34. Bc2 Qa2 35. Qxf4+ Ne5 36. Bxf5 Qd5 37. Bc2 Qb5+ 38. Kg1 Qe2 39. Qf2 Qxf2+ 40. Kxf2 b5 41. Ke3 a4 42. Ke4 Nc4 43. Bd3 Nd6+ 44. Kf4 Kb6 45. Ne3 Ka5 46. g3 Nc8 47. Be4 c5 48. g4 Bd8 49. Bd3 Bh4 50. Ng2 Bf2 51. Kf3 Bg1 52. Nf4 Bh2 53. Ne6 b4 54. Nxc5 bxa3 55. bxa3 Be5 56. Bc2 Nb6 57. Bd3 Nc8 58. Bf5 Nb6 59. Bd3 Nc8 60. c4 Bb2 61. Ne6 Ne7 62. h4 g6 63. Nf4 Bxa3 64. Nxg6 Nxg6 65. Bxg6 Be7 66. h5 Kb4 67. c5 Kxc5 68. Ke4 Kd6 69. Kf5 a3 70. Bf7 Bh4 71. Kg6 Ke7 72. Ba2 Kf8 73. Kh7 Bf6 74. h6 Be7 75. Kg6 Bc5 76. g5 Bd4 77. Kh7 1-0

[Event "Horsens op"]
[Site "Horsens"]
[Date "2011.07.??"]
[Round "6"]
[White "Baekgaard, Martin"]
[Black "Rasmussen, Henning"]
[Result "1-0"]
[WhiteElo "2279"]
[BlackElo "1824"]
[PlyCount "89"]
[EventDate "2011.07.??"]
[EventType "swiss"]
[EventRounds "7"]
[EventCountry "DEN"]
[SourceTitle "EXT 2012"]
[Source "ChessBase"]
[SourceDate "2011.11.24"]
[SourceVersion "1"]
[SourceVersionDate "2011.11.24"]
[SourceQuality "1"]

1. c4 c6 2. Nf3 d5 3. g3 Nf6 4. Bg2 Bf5 5. cxd5 cxd5 6. Qb3 Qb6 7. Qxb6 axb6 8. Nc3 Bd7 9. d3 e6 10. 0-0 b5 11. Nd4 b4 12. Ncb5 Bxb5 13. Nxb5 Ra5 14. Nd4 Nc6 15. Nb3 Rb5 16. e4 g6 17. Re1 Bg7 18. Be3 dxe4 19. dxe4 Ng4 20. Bc5 Bf8 21. Rac1 Bxc5 22. Nxc5 Nge5 23. Red1 Na7 24. h3 g5 25. Bf1 Rb6 26. Kh1 f6 27. Rd2 Rc6 28. Rdc2 Ke7 29. Nxb7 Rhc8 30. Rxc6 Rxc6 31. Rxc6 Naxc6 32. Nc5 f5 33. exf5 exf5 34. f4 gxf4 35. gxf4 Ng6 36. Nd3 Kd6 37. Bg2 Nd4 38. Kg1 h5 39. Kf2 h4 40. Ke3 b3 41. a4 Ne6 42. a5 Nc5 43. Nxc5 Kxc5 44. a6 Kb6 45. Bd5 1-0

[Event "DEN-chT 0809"]
[Site "Denmark"]
[Date "2008.12.07"]
[Round "3.8"]
[White "Andersen, Soren Mikkel"]
[Black "Rasmussen, Henning"]
[Result "1-0"]
[WhiteElo "2018"]
[BlackElo "2104"]
[PlyCount "70"]
[EventDate "2008.11.01"]
[EventType "team-tourn"]
[EventRounds "9"]
[EventCountry "DEN"]
[SourceTitle "EXT 2023"]
[Source "ChessBase"]
[SourceDate "2022.10.05"]
[SourceVersion "1"]
[SourceVersionDate "2022.10.05"]
[SourceQuality "1"]
[WhiteTeam "Aalborg"]
[BlackTeam "Jetsmark"]
[WhiteTeamCountry "DEN"]
[BlackTeamCountry "DEN"]

1. d4 d5 2. c4 c6 3. Nf3 Nf6 4. Nc3 a6 5. a4 e6 6. Bf4 Bb4 7. e3 Qa5 8. Rc1 c5 9. dxc5 Bd7 10. Nd2 Qxc5 11. cxd5 Nxd5 12. Nde4 Qa5 13. Nd6+ Ke7 14. Nc4 Bxa4 15. Qd4 Qd8 16. Qxg7 Nxf4 17. Qg5+ Ke8 18. Qxf4 Nc6 19. Be2 Bb5 20. 0-0 Bxc4 21. Qxc4 Rg8 22. Bf3 Ne5 23. Qe4 Nxf3+ 24. Qxf3 Qe7 25. Ne4 Rg6 26. Rfd1 Rd8 27. Rxd8+ Qxd8 28. Ng3 Qb6 29. h3 Ke7 30. Rd1 Bd6 31. Ne4 Bb8 32. Qh5 Qb5 33. Qh4+ Kf8 34. Qxh7 Qxb2 35. Rd8+ Ke7 1-0

[Event "DEN-chT 0708"]
[Site "Denmark"]
[Date "2008.01.13"]
[Round "5.7"]
[White "Palm, Nikolaj"]
[Black "Rasmussen, Henning"]
[Result "1/2-1/2"]
[WhiteElo "2260"]
[BlackElo "2104"]
[PlyCount "82"]
[EventDate "2007.11.10"]
[EventType "team-tourn"]
[EventRounds "9"]
[EventCountry "DEN"]
[SourceTitle "EXT 2023"]
[Source "ChessBase"]
[SourceDate "2022.10.05"]
[SourceVersion "1"]
[SourceVersionDate "2022.10.05"]
[SourceQuality "1"]
[WhiteTeam "Bronshoj"]
[BlackTeam "Jetsmark"]
[WhiteTeamCountry "DEN"]
[BlackTeamCountry "DEN"]

1. d4 d5 2. Nf3 Nf6 3. c4 c6 4. cxd5 cxd5 5. Nc3 e6 6. Bg5 Be7 7. e3 Nc6 8. Bd3 a6 9. 0-0 b5 10. Rc1 Bb7 11. Nxb5 axb5 12. Bxb5 Qb6 13. Qb3 Rc8 14. Ne5 Nd7 15. Bxe7 Kxe7 16. Bxc6 Qxb3 17. axb3 Nxe5 18. Bxb7 Rxc1 19. Rxc1 Rb8 20. dxe5 Rxb7 21. Rc3 f6 22. exf6+ Kxf6 23. Kf1 g5 24. Ke2 Ke5 25. f3 h5 26. Kd3 Rb4 27. g3 g4 28. f4+ Kf5 29. Ke2 Rb7 30. Rd3 Rb8 31. Kd2 Rb5 32. Rc3 Rb6 33. Ke2 Ke4 34. Rd3 Kf5 35. Kd2 Rb5 36. Rc3 Rb6 37. Kd3 Rb5 38. Kd2 Rb6 39. Ke2 Ke4 40. Rd3 Kf5 41. Kf2 Rb8 1/2-1/2

[Event "DEN-chT 0708"]
[Site "Denmark"]
[Date "2008.01.12"]
[Round "4.7"]
[White "Rasmussen, Henning"]
[Black "Laursen, Niels Norskov"]
[Result "0-1"]
[WhiteElo "2104"]
[BlackElo "2170"]
[PlyCount "76"]
[EventDate "2007.11.10"]
[EventType "team-tourn"]
[EventRounds "9"]
[EventCountry "DEN"]
[SourceTitle "EXT 2023"]
[Source "ChessBase"]
[SourceDate "2022.10.05"]
[SourceVersion "1"]
[SourceVersionDate "2022.10.05"]
[SourceQuality "1"]
[WhiteTeam "Jetsmark"]
[BlackTeam "Copenhagen K41"]
[WhiteTeamCountry "DEN"]
[BlackTeamCountry "DEN"]

1. d4 Nf6 2. Nf3 c5 3. e3 g6 4. c4 Bg7 5. Be2 0-0 6. 0-0 b6 7. Nc3 cxd4 8. exd4 d5 9. Ne5 Bb7 10. Bf3 h6 11. Bf4 e6 12. Re1 Nc6 13. Qd2 Kh7 14. Rad1 Rc8 15. b3 Na5 16. h3 dxc4 17. Bxb7 Nxb7 18. bxc4 Na5 19. Qd3 Nd7 20. Nb5 Nxe5 21. Bxe5 Rxc4 22. Nd6 Ra4 23. Qb5 Rxa2 24. Qb1 Ra4 25. Qb5 Ra3 26. Rc1 Rb3 27. Qa6 f6 28. Bh2 e5 29. dxe5 fxe5 30. Red1 Qe7 31. Rc8 Rxc8 32. Nxc8 Qb4 33. Nxa7 Nc4 34. Bg3 Rb1 35. Rxb1 Qxb1+ 36. Kh2 Nd2 37. h4 Nf1+ 38. Kh3 Qf5# 0-1

[Event "DEN-chT 0708"]
[Site "Denmark"]
[Date "2007.11.11"]
[Round "2.8"]
[White "Lauridsen, Jesper Morch"]
[Black "Rasmussen, Henning"]
[Result "1/2-1/2"]
[WhiteElo "2261"]
[BlackElo "2104"]
[PlyCount "94"]
[EventDate "2007.11.10"]
[EventType "team-tourn"]
[EventRounds "9"]
[EventCountry "DEN"]
[SourceTitle "EXT 2023"]
[Source "ChessBase"]
[SourceDate "2022.10.05"]
[SourceVersion "1"]
[SourceVersionDate "2022.10.05"]
[SourceQuality "1"]
[WhiteTeam "Helsinge"]
[BlackTeam "Jetsmark"]
[WhiteTeamCountry "DEN"]
[BlackTeamCountry "DEN"]

1. e4 c6 2. d4 d5 3. exd5 cxd5 4. c4 Nf6 5. Nc3 Nc6 6. Nf3 Bg4 7. cxd5 Nxd5 8. Qb3 Bxf3 9. gxf3 Nb6 10. d5 Nd4 11. Bb5+ Nxb5 12. Nxb5 a6 13. Nc3 Qc7 14. Be3 Nc8 15. d6 Nxd6 16. Nd5 Qa5+ 17. Bd2 Qd8 18. Nb6 Rb8 19. Bf4 f6 20. Bxd6 Qxd6 21. 0-0 Rd8 22. Rfd1 Qc7 23. Nd5 Qb8 24. Rac1 Rd7 25. Qa4 b5 26. Qg4 Rxd5 27. Rxd5 Kf7 28. Rc8 Qb6 29. Rdd8 Qa5 30. Qh5+ g6 31. Rxf8+ Kg7 32. Rf7+ Kxf7 33. Qd5+ Kg7 34. Rxh8 Kxh8 35. Qf7 Qd8 36. h4 a5 37. Kg2 e5 38. Kg3 b4 39. b3 f5 40. Kh3 f4 41. Kg4 h5+ 42. Kh3 Qc8+ 43. Kg2 Qf5 44. Qe8+ Kg7 45. Qe7+ Kh6 46. Qd8 g5 47. Qh8+ Kg6 1/2-1/2

[Event "Budapest FS11 FM-B"]
[Site "Budapest"]
[Date "2007.11.07"]
[Round "5"]
[White "Feher, Laszlo1111"]
[Black "Rasmussen, Henning"]
[Result "0-1"]
[WhiteElo "1837"]
[BlackElo "2180"]
[PlyCount "63"]
[EventDate "2007.11.03"]
[EventType "tourn"]
[EventRounds "10"]
[EventCountry "HUN"]
[SourceTitle "CBM 121 Extra"]
[Source "ChessBase"]
[SourceDate "2008.01.10"]
[SourceVersion "1"]
[SourceVersionDate "2008.01.10"]
[SourceQuality "1"]

1. e4 d5 2. exd5 Qxd5 3. Nc3 Qa5 4. Nf3 Nf6 5. Bc4 Bf5 6. d3 e6 7. Bd2 c6 8. Nd5 Qd8 9. Nxf6+ gxf6 10. Nh4 Bg6 11. Bc3 Nd7 12. Qe2 Qc7 13. g3 0-0-0 14. 0-0-0 Be7 15. f4 Nb6 16. Ba5 Qd6 17. Rhe1 Rde8 18. Bb3 Qc5 19. Bxb6 Qxb6 20. g4 f5 21. g5 Bd6 22. Qf3 Qc7 23. Ng2 h6 24. Rd2 hxg5 25. fxg5 Rxh2 26. Kb1 Reh8 27. a3 R8h3 28. Qf2 Bg3 29. Qe2 Bxe1 30. Bxe6+ fxe6 31. Qxe6+ Qd7 32. Qg8+ 0-1

[Event "Budapest FS11 FM-B"]
[Site "Budapest"]
[Date "2007.11.04"]
[Round "2"]
[White "Sebestyen, Jozsef"]
[Black "Rasmussen, Henning"]
[Result "1-0"]
[WhiteElo "1803"]
[BlackElo "2180"]
[PlyCount "87"]
[EventDate "2007.11.03"]
[EventType "tourn"]
[EventRounds "10"]
[EventCountry "HUN"]
[SourceTitle "CBM 121 Extra"]
[Source "ChessBase"]
[SourceDate "2008.01.10"]
[SourceVersion "1"]
[SourceVersionDate "2008.01.10"]
[SourceQuality "1"]

1. d4 Nf6 2. c4 c5 3. d5 b5 4. cxb5 a6 5. Nc3 g6 6. e4 d6 7. Bg5 Bg7 8. Nf3 0-0 9. Bd3 axb5 10. Nxb5 Ba6 11. a4 Ne8 12. Rb1 Nc7 13. Qe2 Bxb5 14. axb5 Nd7 15. 0-0 Nb6 16. b3 Qd7 17. Qd2 Ra7 18. Bh6 Rfa8 19. Bxg7 Kxg7 20. Qc3+ f6 21. Bc4 Nxb5 22. Bxb5 Qxb5 23. Ng5 Kg8 24. Ne6 Qe8 25. f4 Qf7 26. Ra1 Qe8 27. Rxa7 Rxa7 28. Qh3 Nd7 29. f5 g5 30. Qh6 Qf7 31. h4 g4 32. Rf4 Ne5 33. Rf1 Ra2 34. b4 cxb4 35. Rc1 Ra8 36. Qe3 h5 37. Qb6 Kh7 38. Qb7 Re8 39. Rc7 Kh6 40. Qxb4 g3 41. Qb7 Qg8 42. Rxe7 Rb8 43. Rh7+ Qxh7 44. Qxb8 1-0

[Event "Budapest FS11 FM-B"]
[Site "Budapest"]
[Date "2007.11.03"]
[Round "1"]
[White "Rasmussen, Henning"]
[Black "Dobos, Otto"]
[Result "1/2-1/2"]
[WhiteElo "1898"]
[BlackElo "1853"]
[PlyCount "98"]
[EventDate "2007.11.03"]
[EventType "tourn"]
[EventRounds "10"]
[EventCountry "HUN"]
[SourceTitle "CBM 121 Extra"]
[Source "ChessBase"]
[SourceDate "2008.01.10"]
[SourceVersion "1"]
[SourceVersionDate "2008.01.10"]
[SourceQuality "1"]

1. d4 d5 2. c4 e6 3. Nc3 c6 4. cxd5 exd5 5. Nf3 Nf6 6. Bg5 Be7 7. e3 0-0 8. Bd3 h6 9. Bxf6 Bxf6 10. Qc2 Re8 11. 0-0 Nd7 12. b4 a6 13. a4 Nf8 14. b5 axb5 15. axb5 Rxa1 16. Rxa1 Bg4 17. Nd2 Bd7 18. bxc6 bxc6 19. Nb3 Be7 20. Na4 Ne6 21. Nac5 Nxc5 22. Nxc5 Bf6 23. Qa4 Be7 24. Qa7 Bxc5 25. Qxc5 Qg5 26. Qd6 Qg4 27. h3 Qe6 28. Qxe6 Bxe6 29. Kf1 Rc8 30. Rc1 Kf8 31. Ke2 Ke7 32. Ba6 Rc7 33. Bd3 Kd6 34. Kd2 f6 35. h4 Ra7 36. Rc2 Rc7 37. f3 Ra7 38. e4 dxe4 39. fxe4 Ra2 40. Rxa2 Bxa2 41. Kc3 Be6 42. Kb4 Bd7 43. Bc4 Bg4 44. Bg8 Be2 45. Bc4 Bg4 46. Kc3 Bd7 47. Bg8 c5 48. Kd3 cxd4 49. Kxd4 Bg4 1/2-1/2